000 00398nam a22001697a 4500
005 20260328154548.0
008 160616b xxu||||| |||| 00| 0 eng d
020 _a81-219-2550-9
041 _aeng
082 _b7908
100 _aVerma, Dr. Shalini
_92055
245 _aBoby Language
260 _aNew Delhi
_bSultan Chand & Sons,
_c2010
300 _a170
650 _aManagement
942 _cBK
999 _c2878
_d2877